|
|
|
|
| LEADER |
00000nam a2200000 4500 |
| 001 |
vtls011880707 |
| 003 |
SK-MaSNL |
| 005 |
20260301224611.0 |
| 008 |
190807s2018 xo a a 000 0 slo |
| 015 |
|
|
|a SNBA2019/09
|
| 020 |
|
|
|a 9788081791062
|q (brožované)
|
| 040 |
|
|
|a SNK
|b slo
|c SNK
|e rda
|
| 041 |
1 |
|
|a slo
|h pol
|
| 044 |
|
|
|a xo
|c SK
|
| 072 |
|
7 |
|a 2-23/-27
|x Biblia. Biblistika
|2 konspekt
|
| 072 |
|
7 |
|a 0/9-053.2
|x Literatúra pre deti a mládež (náučná)
|2 konspekt
|
| 080 |
|
|
|a 2-468.6
|2 2011
|
| 080 |
|
|
|a (0.053.2)
|2 2011
|
| 080 |
|
|
|a (084.053.2)
|2 2011
|
| 080 |
|
|
|a 27-468.6
|2 2011
|
| 080 |
|
|
|a 2-145.55
|2 2011
|
| 080 |
|
|
|a 27-145.55
|2 2011
|
| 080 |
|
|
|a 27-312
|2 2011
|
| 100 |
1 |
|
|a Wilk, Małgorzata
|4 aut
|9 75757
|
| 245 |
1 |
0 |
|a Pán Ježiš robil zázraky
|b omaľovanka s textom
|c text Małgorzata Wilková ; ilustrácie Marek Sojka ; preklad Maroš Kováčik
|
| 264 |
|
1 |
|a Bratislava
|b Lúč
|c 2018
|
| 300 |
|
|
|a 15 nečíslovaných strán
|b ilustrácie
|c 22 cm
|
| 336 |
|
|
|a text
|b txt
|2 rdacontent
|
| 336 |
|
|
|a statický obraz
|b sti
|2 rdacontent
|
| 337 |
|
|
|a bez média
|b n
|2 rdamedia
|
| 338 |
|
|
|a zväzok
|b nc
|2 rdacarrier
|
| 490 |
1 |
|
|a Deťom
|v 126
|
| 500 |
|
|
|a Preložené z poľštiny
|
| 600 |
0 |
7 |
|a Ježiš Kristus
|2 SNKMA
|
| 630 |
0 |
7 |
|a Biblia
|p Evanjeliá
|2 SNKPH
|9 162776
|
| 648 |
|
7 |
|a 1. storočie
|2 SNKPH
|9 290481
|
| 648 |
|
7 |
|a 1st century
|2 SNKPHeng
|9 326885
|
| 650 |
0 |
7 |
|a život Krista
|2 SNKPH
|9 49879
|
| 650 |
0 |
7 |
|a uzdravovanie
|2 SNKPH
|9 78593
|
| 650 |
0 |
7 |
|a zázraky
|2 SNKPH
|9 1961
|
| 650 |
0 |
7 |
|a Life of Christ
|2 SNKPHeng
|9 304954
|
| 650 |
0 |
7 |
|a Healing
|2 SNKPHeng
|9 319312
|
| 650 |
0 |
7 |
|a Miracles
|2 SNKPHeng
|9 311590
|
| 655 |
|
7 |
|a publikácie pre deti
|2 SNKPH
|9 70148
|
| 655 |
|
7 |
|a maľovanky
|2 SNKPH
|9 70662
|
| 655 |
|
7 |
|a Children's literature
|2 SNKPHeng
|9 276039
|
| 655 |
|
7 |
|a Colouring books
|2 SNKPHeng
|9 302494
|
| 700 |
1 |
|
|a Sojka, Marek
|4 ill
|9 312505
|
| 700 |
1 |
|
|a Kováčik, Marián,
|d 1940-2004
|4 trl
|9 73651
|
| 830 |
|
0 |
|a Deťom
|9 312506
|
| 919 |
|
|
|a 978-80-8179-106-2
|
| 958 |
|
|
|a NT
|
| 958 |
|
|
|a DB
|
| 958 |
|
|
|a OP
|
| 968 |
|
|
|b POL
|
| 999 |
|
|
|c 947876
|d 949806
|
| 952 |
|
|
|a SNK
|b SNK
|y PREZ
|7 0
|p 17A1375659
|o snkOSC 28815
|i snk2019/20341
|8 0
|0 0
|1 0
|4 0
|d 2019-08-07
|l 0
|r 2026-02-24 09:39:12
|w 2026-02-24
|
| 952 |
|
|
|a SNK
|b SNK
|y PREZ
|7 0
|p 17A1375660
|o snkOSC 28815 D1
|i snk2019/20342
|8 0
|0 0
|1 0
|4 0
|d 2019-08-07
|l 0
|r 2026-02-24 09:39:12
|w 2026-02-24
|